00437nam a2200169Ia 4500003000400000005001700004008004100021020001500062040000700077041000800084082002200092100002700114245005800141260003900199300001500238365001400253OSt20230405153954.0210423s2007 xx 000 0 und d a1412933943 cAL aeng a158.32223b NELR aNELSON-JONES(Richard). aLife coaching skills: how to develop skilled clients. aNew DelhibSage Publicationsc2007 axi,228bPB b1345cINR